Get the Picture: MCU Actors Quiz Stats

 Plays Quiz Updated Jul 11, 2019

Score 0/24 Timer 03:00
2 Plays Today
Question Answer Wrong Answers
Gwyneth Paltrow Iron Man
89.7%
Captain America
1.5%
Thor
1.3%
Guardians of the Galaxy
2.2%
Bradley Cooper Guardians of the Galaxy
86.6%
Iron Man
2.4%
Captain America
3.7%
Thor
1.6%
Tom Hiddleston Thor
86.6%
Iron Man
2.9%
Captain America
2.6%
Guardians of the Galaxy
2.4%
Don Cheadle Iron Man
84.9%
Captain America
5.2%
Thor
1.2%
Guardians of the Galaxy
3.6%
Natalie Portman Thor
84.5%
Iron Man
2.2%
Captain America
3.5%
Guardians of the Galaxy
3.6%
Sebastian Stan Captain America
82.1%
Iron Man
3.4%
Thor
2.8%
Guardians of the Galaxy
5.7%
Karen Gillan Guardians of the Galaxy
81.3%
Iron Man
3.9%
Captain America
5.6%
Thor
3.2%
Jon Favreau Iron Man
80.3%
Captain America
5.3%
Thor
2.7%
Guardians of the Galaxy
5.8%
Idris Elba Thor
78.1%
Iron Man
3.9%
Captain America
4%
Guardians of the Galaxy
8.1%
Anthony Mackie Captain America
77.4%
Iron Man
9.1%
Thor
2.7%
Guardians of the Galaxy
5.3%
Sylvester Stallone Guardians of the Galaxy
76.3%
Iron Man
6.4%
Captain America
6.7%
Thor
4.1%
Kurt Russell Guardians of the Galaxy
75.6%
Iron Man
6%
Captain America
6.5%
Thor
4.9%
Cate Blanchett Thor
74.7%
Iron Man
3.9%
Captain America
6.3%
Guardians of the Galaxy
8.9%
Hayley Atwell Captain America
70.5%
Iron Man
6%
Thor
5.3%
Guardians of the Galaxy
11.4%
Paul Bettany Iron Man
69.9%
Captain America
12.6%
Thor
4.3%
Guardians of the Galaxy
7.1%
Taika Waititi Thor
65.6%
Iron Man
2.8%
Captain America
5.2%
Guardians of the Galaxy
20.7%
Michael Rooker Guardians of the Galaxy
64.8%
Iron Man
10.6%
Captain America
11.2%
Thor
5.8%
Hugo Weaving Captain America
63.2%
Iron Man
8.1%
Thor
9.5%
Guardians of the Galaxy
12%
Jeff Goldblum Thor
62.6%
Iron Man
4.9%
Captain America
4.4%
Guardians of the Galaxy
22.1%
Tommy Lee Jones Captain America
62.6%
Iron Man
10.4%
Thor
6%
Guardians of the Galaxy
14.1%
Jeff Bridges Iron Man
62.4%
Captain America
7.2%
Thor
6.1%
Guardians of the Galaxy
17.3%
Glenn Close Guardians of the Galaxy
62.3%
Iron Man
9.5%
Captain America
10.6%
Thor
10.1%
Sam Rockwell Iron Man
54.3%
Captain America
18.5%
Thor
5.6%
Guardians of the Galaxy
14.4%
Toby Jones Captain America
54%
Iron Man
12.3%
Thor
8.3%
Guardians of the Galaxy
17.6%

Today's Daily Dose

Missing Word
Banned Books (A-Z)

Word Ladder
Janis Joplin

Get the Picture
Occupations

You're not logged in!

Compare scores with friends on all Sporcle quizzes.
OR
Log In

Sporcle TV

Today on Sporcle TV


Watch our educational content, quiz creation guides, and fun videos on Sporcle TV.

Show Comments

Extras

Top Quizzes Today


Score Distribution

Your Account Isn't Verified!

In order to create a playlist on Sporcle, you need to verify the email address you used during registration. Go to your Sporcle Settings to finish the process.

Report this User

Report this user for behavior that violates our Community Guidelines.

Details: